000 00687nam a2200193Ii 4500
003 JO-AjNU
008 230605s9999||||xx |||||||||||||| ||und||
040 _aJO-AjNU
_bara
_erda
_cJO-AjNU
041 _aara
050 1 4 _aDS153.A3.W37 2005
100 3 _aدائرة المطبوعات والنشر,
_eauthor
_914115
245 0 0 _aالوقائع والوثائق الأردنية: الربع الاول /2005
264 3 1 _aعمان: دائرة المطبوعات والنشر،2005
300 _a207ص
336 _atext
_btxt
_2rdacontent
337 _aunmediated
_bn
_2rdamedia
338 _avolume
_bnc
_2rdacarrier
650 4 _aالاردن- وثائق تاريخية-تاريخ
_914116
999 _aA3688
_c7256
_d7256